[Event "GER-ch U16 Girls"]
[Site "Willingen"]
[Date "2016.05.21"]
[Round "9"]
[White "Weiten, Anna"]
[Black "Glaeser, Anne"]
[Result "1-0"]
[WhiteElo "1415"]
[BlackElo "1304"]
[PlyCount "57"]
[EventDate "2016.05.15"]
[EventType "swiss"]
[EventRounds "9"]
[EventCountry "GER"]
[SourceTitle "CBM 172 Extra"]
[Source "ChessBase"]
[SourceDate "2016.06.21"]
[SourceVersion "1"]
[SourceVersionDate "2016.06.21"]
[SourceQuality "1"]

1. e4 e5 2. Nf3 Nc6 3. d4 exd4 4. Nxd4 Nf6 5. Nc3 Bb4 6. Nxc6 bxc6 7. Bd3 d5 8. exd5 0-0 9. 0-0 cxd5 10. a3 Bxc3 11. bxc3 c6 12. Bg5 h6 13. Bh4 Qd6 14. h3 Nd7 15. Re1 Nf6 16. Qd2 Bd7 17. Re3 Rfe8 18. Bg3 Qc5 19. Be5 Qe7 20. Rae1 Kh8 21. Rf3 Kg8 22. Rxf6 Rac8 23. Qf4 Qxf6 24. Bxf6 Rxe1+ 25. Kh2 gxf6 26. Qxh6 f5 27. Qg5+ Kf8 28. Qf6 Re7 29. Qh8# 1-0

[Event "GER-ch U16 Girls"]
[Site "Willingen"]
[Date "2016.05.20"]
[Round "8"]
[White "Glaeser, Anne"]
[Black "Christiansen, Anna"]
[Result "1/2-1/2"]
[WhiteElo "1304"]
[BlackElo "1463"]
[PlyCount "87"]
[EventDate "2016.05.15"]
[EventType "swiss"]
[EventRounds "9"]
[EventCountry "GER"]
[SourceTitle "CBM 172 Extra"]
[Source "ChessBase"]
[SourceDate "2016.06.21"]
[SourceVersion "1"]
[SourceVersionDate "2016.06.21"]
[SourceQuality "1"]

1. e4 e5 2. Nf3 Nc6 3. Bc4 Bc5 4. c3 Nf6 5. d3 a6 6. Bb3 d6 7. h3 Ba7 8. 0-0 h6 9. Re1 0-0 10. Nbd2 Nh5 11. Nf1 Qf6 12. Be3 Nf4 13. Ng3 g5 14. Kh2 Kh7 15. Ng1 Qg6 16. f3 Bd7 17. Bxa7 Rxa7 18. Qd2 Raa8 19. N1e2 Kg7 20. Rg1 f5 21. exf5 Bxf5 22. Nxf5+ Qxf5 23. Nxf4 exf4 24. d4 Ne7 25. Bc2 Qf7 26. Qd3 Ng6 27. Rae1 Rae8 28. b3 Rxe1 29. Rxe1 Re8 30. Rxe8 Qxe8 31. Qe4 Qxe4 32. Bxe4 b6 33. Kg1 Ne7 34. Kf2 Kf6 35. Ke2 Nf5 36. Bxf5 Kxf5 37. Kd3 d5 38. c4 c6 39. a3 h5 40. Kc3 g4 41. h4 a5 42. b4 gxf3 43. gxf3 axb4+ 44. axb4 1/2-1/2

[Event "GER-ch U16 Girls"]
[Site "Willingen"]
[Date "2016.05.17"]
[Round "5"]
[White "Glaeser, Anne"]
[Black "Lange, Cecilia"]
[Result "0-1"]
[WhiteElo "1304"]
[BlackElo "1718"]
[PlyCount "86"]
[EventDate "2016.05.15"]
[EventType "swiss"]
[EventRounds "9"]
[EventCountry "GER"]
[SourceTitle "CBM 172 Extra"]
[Source "ChessBase"]
[SourceDate "2016.06.21"]
[SourceVersion "1"]
[SourceVersionDate "2016.06.21"]
[SourceQuality "1"]

1. e4 e6 2. d4 d5 3. exd5 exd5 4. c4 Nf6 5. Nf3 Nc6 6. Nc3 Bg4 7. cxd5 Nxd5 8. Be2 Bb4 9. Qd3 h6 10. 0-0 0-0 11. Bd2 Qd7 12. Nxd5 Qxd5 13. Bc3 Rad8 14. Rfd1 Rfe8 15. h3 Bh5 16. g4 Bg6 17. Qc4 Be4 18. Qxd5 Bxd5 19. Rd2 Bd6 20. b3 Bf4 21. Rc2 b6 22. Rd1 Rxe2 23. Rxe2 Bxf3 24. Red2 Bxd1 25. Rxd1 Be5 26. Re1 Bxd4 27. Bxd4 Nxd4 28. Kg2 Kf8 29. f4 Ne6 30. Kf3 Rd3+ 31. Ke4 Rd4+ 32. Ke3 Rxf4 33. Re2 c5 34. Rd2 Rd4 35. Rc2 Ke7 36. Rf2 c4 37. bxc4 Rxc4 38. Kd3 Ra4 39. Kc3 Ra3+ 40. Kb4 Rxh3 41. Kb5 Rc3 42. Ka6 Rc7 43. Kb5 Nd4+ 0-1

[Event "GER-ch U16 Girls"]
[Site "Willingen"]
[Date "2016.05.16"]
[Round "3"]
[White "Glaeser, Anne"]
[Black "Duan, Muxi"]
[Result "1/2-1/2"]
[WhiteElo "1304"]
[BlackElo "1246"]
[PlyCount "76"]
[EventDate "2016.05.15"]
[EventType "swiss"]
[EventRounds "9"]
[EventCountry "GER"]
[SourceTitle "CBM 172 Extra"]
[Source "ChessBase"]
[SourceDate "2016.06.21"]
[SourceVersion "1"]
[SourceVersionDate "2016.06.21"]
[SourceQuality "1"]

1. e4 e5 2. Nf3 Nf6 3. Nc3 Nc6 4. Bc4 Bb4 5. d3 d6 6. 0-0 Na5 7. Bb3 Nxb3 8. axb3 h6 9. Ne2 0-0 10. c3 Bc5 11. Ng3 Bb6 12. Re1 Re8 13. h3 c6 14. d4 exd4 15. Nxd4 Bc7 16. Qf3 Nh7 17. Qd3 d5 18. Bd2 dxe4 19. Rxe4 Rxe4 20. Qxe4 Bd7 21. Re1 c5 22. Nf3 Bc6 23. Qe2 Qf6 24. Qe7 Bd6 25. Qxf6 Nxf6 26. Ne5 Bd5 27. c4 Be6 28. Bc3 Re8 29. f4 Nd7 30. Kf2 Nxe5 31. Bxe5 Be7 32. Re2 Bh4 33. Re1 Bd7 34. Bc3 g5 35. fxg5 Rxe1 36. Bxe1 hxg5 37. Kf3 f5 38. Bf2 Bc6+ 1/2-1/2

[Event "GER-ch U18 Girls"]
[Site "Willingen"]
[Date "2015.05.27"]
[Round "6"]
[White "Schirrmeister, Laura"]
[Black "Glaeser, Anne"]
[Result "1/2-1/2"]
[WhiteElo "1166"]
[BlackElo "1153"]
[PlyCount "85"]
[EventDate "2015.05.24"]
[EventType "swiss"]
[EventRounds "9"]
[EventCountry "GER"]
[SourceTitle "CBM 166 Extra"]
[Source "ChessBase"]
[SourceDate "2015.06.18"]
[SourceVersion "1"]
[SourceVersionDate "2015.06.18"]
[SourceQuality "1"]

1. d4 Nf6 2. e3 g6 3. Bd3 Bg7 4. f4 0-0 5. Nf3 d6 6. 0-0 Nc6 7. c3 Re8 8. Nbd2 e5 9. fxe5 dxe5 10. a3 e4 11. Bc4 exf3 12. Nxf3 Bg4 13. Qe1 Bxf3 14. Rxf3 Qd7 15. Qh4 Qd6 16. g4 Re7 17. Bd2 Ne4 18. Raf1 Rf8 19. Rh3 h6 20. Bc1 Ng5 21. e4 Nxh3+ 22. Qxh3 Rxe4 23. Bd3 Re7 24. Bxh6 Bxh6 25. Qxh6 Rfe8 26. g5 Re1 27. Qh3 Rxf1+ 28. Qxf1 Qe7 29. Bc4 Qxg5+ 30. Qg2 Qxg2+ 31. Kxg2 Re2+ 32. Bxe2 Kf8 33. Kg3 Ke7 34. Kf4 Kf6 35. h4 Ne7 36. Bf3 b6 37. Kg4 Nf5 38. h5 a5 39. hxg6 fxg6 40. Be4 Ne3+ 41. Kf4 Nc4 42. Bc6 Nxb2 43. Bg2 1/2-1/2

[Event "GER-ch U18 Girls"]
[Site "Willingen"]
[Date "2015.05.26"]
[Round "4"]
[White "Leinemann, Vivien Sophie"]
[Black "Glaeser, Anne"]
[Result "1-0"]
[WhiteElo "1425"]
[BlackElo "1153"]
[PlyCount "113"]
[EventDate "2015.05.24"]
[EventType "swiss"]
[EventRounds "9"]
[EventCountry "GER"]
[SourceTitle "CBM 166 Extra"]
[Source "ChessBase"]
[SourceDate "2015.06.18"]
[SourceVersion "1"]
[SourceVersionDate "2015.06.18"]
[SourceQuality "1"]

1. e4 e5 2. Nf3 Nc6 3. Bb5 a6 4. Ba4 b5 5. Bb3 Nf6 6. d3 Bc5 7. 0-0 0-0 8. c3 Ba7 9. Nbd2 d6 10. Re1 Bb7 11. Nf1 Ne7 12. Bg5 Ng6 13. Ng3 h6 14. Be3 d5 15. Bc2 c5 16. h4 d4 17. cxd4 cxd4 18. Bd2 Re8 19. h5 Nf4 20. Nh4 N6xh5 21. Nxh5 Qxh4 22. Nxf4 exf4 23. Qf3 Rac8 24. Rac1 Bb8 25. Qh3 Qxh3 26. gxh3 Rc6 27. Kg2 Rg6+ 28. Kf3 Bc8 29. Rh1 Rf6 30. Rcg1 g5 31. Ke2 Rfe6 32. h4 Re5 33. Bxf4 Bb7 34. Bxe5 Rxe5 35. hxg5 hxg5 36. f4 Rc5 37. Rxg5+ Rxg5 38. fxg5 f5 39. gxf6 Kf7 40. Rh7+ Kxf6 41. Rxb7 Be5 42. Rb6+ Kg5 43. Rxa6 Kf4 44. Ra8 b4 45. Rf8+ Kg3 46. a3 bxa3 47. bxa3 Bc7 48. a4 Bb6 49. Rf5 Bc7 50. a5 Bxa5 51. Rxa5 Kf4 52. Rf5+ Kg3 53. e5 Kg4 54. Rf1 Kg5 55. e6 Kg6 56. e7 Kg7 57. e8Q 1-0